000 01166nem0a2200301 4500
001 RU\NLR\cart\3829
005 20250617204006.0
010 _a5-17-023501-1
035 _a(NLR Aleph) 004273940
090 _a2285876
_c2285876
100 _a20060502d2004 |||y0rusy50 ca
101 0 _arus
102 _aRU
120 _abaa xx||
123 3 _aa
_b22 000 000
_b300 000
200 1 _aАтлас автодорог Европы, России, стран СНГ и Балтии
_bКарты
_gОтв. ред. А.Л. Окатова
206 _aМ-бы разные
210 _aМ.
_cДизайн. Информация. Картография
_cАстрель
_cАСТ
_d2004
215 _a1 атл. (351 с.)
_cцв., сб. л., текст, ил., указ.
_d20х14 см
464 0 _150900$aЕвропа$3RU\NLR\auth_crt\55133
509 0 1 _7ca
_aРоссия
_92633381
_3RU\NLR\auth_crt\55199
606 0 _aАвтомобильные дороги
_92177711
_3RU\NLR\auth_crt\663
702 1 _aОкатова
_bА. Л.
_4340
801 0 _aRU
_bNLR
_c20060502
_gPSBO
852 _aNLR
_bК
_j4-Союз 6/4291
_m04-259
_t04-259а
942 _cMAP
980 _aNB